| 000 | 01793nam a22002537a 4500 | ||
|---|---|---|---|
| 999 |
_c62671 _d62671 |
||
| 003 | Ge_BSU | ||
| 005 | 20250121120845.0 | ||
| 008 | 250121s2023 ge ||||| |||| 00| 0 geo d | ||
| 020 | _a9789941852213 | ||
| 041 | _ageo | ||
| 080 | _a821.353.1-92 ბ-91 | ||
| 100 |
_aბრეგაძე, ლევან _96769 |
||
| 245 |
_aთხზულებანი : _b[10 ტომად]. ტომი 1, მოთხრობები ლიტერატურაზე / _c ლევან ბრეგაძე; სარედაქციო ჯგუფი: ანდრო ბედუკაძე (პროექტის ავტორი და მთ. რედაქტორი), ივანე ამირხანაშვილი, ლევან თითმერია [და სხვა]; ტომის რედაქტორი ანდრო ბედუკაძე. |
||
| 264 |
_aთბილისი : _bილიას ფონდი, _c2023. |
||
| 300 |
_a496 გვ. ; _b21 სმ. |
||
| 490 | _aპრემია "საგურამოს ბიბლიოთეკა" | ||
| 653 | _aპუბლიცისტიკური წერილები | ||
| 700 |
_aბედუკაძე, ანდრო _eავტორი, მთ. რედაქტორი, ტომის რედაქტორი _924061 |
||
| 700 |
_aამირხანაშვილი, ივანე _eრედაქტორი _924063 |
||
| 700 |
_aთითმერია, ლევან _eრედაქტორი _923741 |
||
| 700 |
_aჩხეიძე, როსტომ _eრედაქტორი _91213 |
||
| 700 |
_aშერაზადიშვილი, უჩა _eრედაქტორი _924065 |
||
| 942 |
_2udc _cᲬᲘᲒᲜᲘ |
||